| 000 | 00634nam a2200205 i 4500 | ||
|---|---|---|---|
| 001 | 33418 | ||
| 003 | ES-MaACL | ||
| 005 | 20260305063017.0 | ||
| 007 | t| | ||
| 008 | 030202s1905 fr ||||1| fre d | ||
| 100 | 1 |
_aBinet, Alfred, _d1857-1911 _928916 |
|
| 245 | 1 | 3 |
_aL' Ame et le corps / _cpar Alfred Binet. |
| 260 |
_aParís : _bErnest Flammarion, _c1905 ( _fHemmerlé) |
||
| 300 |
_a288 p. ; _c18 cm. |
||
| 490 | 1 | _aBibliothèque de philosophie scientifique | |
| 650 | 0 | 4 |
_aMente y cuerpo. _914993 |
| 830 | 0 |
_aBibliothèque de philosophie scientifique _9181135 |
|
| 852 |
_aES-MaACL _jF-6143 |
||
| 999 |
_c33418 _d33418 |
||